000 01027nam a22003257a 4500
001 BR0809999
003 BR-BrBNA
005 20230928102857.0
007 ta
008 230509b bl.||||| |||| 00| 0 por d
040 _aBR-BrBNA
_bpor
_cBiblioteca Nacional de Agricultura
041 _a(Por)
072 _aF01; F06; U10
_b1660
090 _ 1660 BR0809999
100 1 _aLima Junior, J.A. de
110 1 _aUniversidade Federal de Lavras, MG (Brasil)
_0Tese (Mestrado)
245 1 _aAnálise técnica e econômica da produção de alface americana irrigada por gotejamento
260 3 _aLavras, MG (Brasil):
_c2008.
300 _a74 p.
500 _aSummaries (Eng, Por); Biblioghraphy p. 68-74; 17 illus.; 9 tables
650 _aALFACE
650 _aIRRIGAÇÃO POR GOTEJAMENTO
650 _aANÁLISE ECONÔMICA
650 _aPRODUÇÃO VEGETAL
650 _aDEFICIÊNCIA HÍDRICA
650 _aMÉTODO ESTATÍSTICO
650 _aCULTIVO PROTEGIDO
909 _a202309
_bLucia
_c55
_dLucia Elande
942 _cBK
999 _c72812
_d72812